000 00666nam a22002297a 4500
001 0011411
003 DO-SdBNP
005 20180123090746.0
007 0011411
008 160919b 1986 cl ||||| |||| 00| 0 spa d
020 _a0944499783
040 _aBPMSU
_bspa
_cBPMSU
092 _axxxx
_bxxxx
100 1 _aShepard, Martin
245 1 _aComo ser su propio siquiatra /
_cMartin Shepard ; traducción Pedro Romañach Mousset.
260 _aColombia :
_bAmérica,
_c1986.
300 _a167 p. ;
_c20 cm.
700 1 _aRomañach Mousset, Pedro,
_etraducción
942 _2ddc
_cBK
945 _aInventariado, 2018/LP
956 _aBTAVÁREZ
_b10
_c20161909
_d0011411
999 _c11455
_d11455